LEADER 01529nam a2200325 a 4500 001 000000117404 003 CaOOAMICUS 005 20091014155747.0 008 091014s2002 it u000 u ita r 020 $a978-88-220-6252-9 040 $aPUL$bita$dReb 041 1 $aita$heng 100 1 $aFreidson, Eliot.$0(OLS)http://pul/name/73222 240 10$aProfessionalism. The Third logic$lItaliano.$0(OLS)http://pul/title/147740 245 10$aProfessionalismo :$bla terza logica /$cEliot Freidson ; prefazione di Magali Sarfatti Larson e Mirella Giannini. 260 $aBari :$bedizioni Dedalo,$cİ2002. 300 $a348 p. ;$c21 cm. 490 1 $aNuova Biblioteca Dedalo$aSerie Sociologia ;$v252 504 $aBibliografia p. 321-343 650 4$aSociologia del lavoro.$0(OLS)http://pul/subject/12565 650 4$aLavoro$xAspetti economici e sociali.$0(OLS)http://pul/subject/1142 700 1 $aLarson, Magali Sarfatti.$0(OLS)http://pul/name/73224 700 1 $aGiannini, Mirella.$0(OLS)http://pul/name/73223 830 0$aNuova Biblioteca Dedalo$pSerie Sociologia ;$v252.$0(OLS)http://pul/title/147742 850 $aPUL 852 $aPUL$W1$xSL Diritto e Scienze Sociali 3$y79$m306. 36 FREEL 1$j134733$qDDC 21$B133703$CPULBib$Z2$F133703 $H111383 $82 941 1 $a9 996 $6020$a978-88-220-6252-9$9(OLS)http://pul/number/142057 996 $6245$aProfessionalismo :$bla terza logica$9(OLS)http://pul/title/147741 996 $6260$aBari :$bedizioni Dedalo$9(OLS)http://pul/publisher/80778 LEADER 01485nam a2200337 a 4500 001 000000161081 003 CaOOAMICUS 005 20170605105026.0 008 170605s2017 it u000 u ita r 020 $a978-88-9317-338-4* 032 $aLibriCat 040 $aPUL$bita 082 04$a346.45015 100 1 $aVolpe, Luca.$0(OLS)http://pul/name/103126 245 13$aLe unioni civili e le convivenze di fatto dopo i decreti attuativi 19 gennaio 2017, n. 5, 6 e 7 / $cLuca Volpe. 260 $aPiacenza :$bLa Tribuna,$cİ2017. 300 $a126 p. ;$c30 cm. 490 1 $aTribuna Dossier 504 $aBibliografia in nota. 650 4$aConvivenza$xLegislazione.$0(OLS)http://pul/subject/43575 650 4$aUnioni civili$xLegislazione.$0(OLS)http://pul/subject/43576 650 4$aUnioni civili$zItalia.$0(OLS)http://pul/subject/43613 830 0$aTribuna Dossier.$0(OLS)http://pul/title/200801 850 $aPUL 852 $aPUL$W1$xSL Diritto e Scienze Sociali 3$y79$m346. 45015 VOLLU 1$j185033$qDDC 21$B188229$CPULBib$Z2$F188229 $H129730 $81 941 1 $a9 996 $6020$a978-88-9317-338-4*$9(OLS)http://pul/number/162797 996 $6082$a346.45015$9(OLS)http://pul/classification/1901 996 $6245$aLe unioni civili e le convivenze di fatto dopo i decreti attuativi 19 gennaio 2017, n. 5, 6 e 7 / $9(OLS)http://pul/title/200800 996 $6260$aPiacenza :$bLa Tribuna$9(OLS)http://pul/publisher/69734